Statistics for Who makes these cars?

Click here to take the quiz!

General Stats

  • This quiz has been taken 148 times
  • The average score is 11 of 15

Answer Stats

QuestionAnswer% Correct
FocusFord
98%
Model XTesla
95%
M4BMW
91%
CayennePorsche
90%
H1Hummer
83%
CountachLamborghini
82%
EB110Bugatti
71%
F1McLaren
71%
TundraToyota
70%
Trans amPontiac
67%
X-bowKTM
61%
RobinReliant
61%
StratosLancia
60%
TransitFord
58%
Concept 1Rimac
50%

Score Distribution

Percentile by Number Answered

Percent of People with Each Score

Your Score History

You have not taken this quiz